Statystyki dla Łączna długość autostrad w państwach Europy

Kliknij tutaj aby rozwiązać quiz!

Ogólne statystyki

  • Ten quiz został rozwiązany 120 razy
  • Średni wynik to 6 z 10

Statystyki odpowiedzi

Długość (w km)Państwo% Poprawnych
13 141Niemcy
99%
11 671Francja
94%
15 585Hiszpania
88%
3 838Wielka Brytania
78%
6 966Włochy
78%
2 755Holandia
49%
2 133Szwecja
44%
3 065Portugalia
34%
1 982Węgry
8%
2 842Turcja
7%

Rozkład punktacji

Percentyl według liczby udzielonych odpowiedzi

Procent ludzi z każdym wynikiem

Twoja historia wyników

Nie rozwiązałeś tego quizu